| 000 | 00485nam a2200169Ia 4500 | ||
|---|---|---|---|
| 999 |
_c33440 _d33440 |
||
| 003 | OSt | ||
| 005 | 20211028113536.0 | ||
| 008 | 190216s9999||||xx |||||||||||||| ||und|| | ||
| 040 | _coclc | ||
| 082 |
_a536.7 _bAGA/T |
||
| 100 |
_aAgarwal, J P _98871 |
||
| 245 | 0 |
_aThermodynamics And Statistical Physics / _cJ P Agarwal |
|
| 260 |
_bPragathi Prakashan, _c1999. _aMeerut: |
||
| 300 | _a539p | ||
| 650 | _aPhysics | ||
| 942 |
_cBK _2ddc _h536.7 _iAGA/T _k536.7 _mAGA/T |
||